Building environmental assessment methods: assessing construction practices (Record no. 65890)

MARC details
000 -LEADER
fixed length control field 01116cam a2200229 4500
001 - CONTROL NUMBER
control field ABS63395
008 - FIXED-LENGTH DATA ELEMENTS--GENERAL INFORMATION
fixed length control field 000000n2000 000 0 eng u
035 ## - SYSTEM CONTROL NUMBER
System control number (Sirsi) u110535
100 ## - MAIN ENTRY--PERSONAL NAME
Personal name Cole, R.
245 ## - TITLE STATEMENT
Title Building environmental assessment methods: assessing construction practices
260 ## - PUBLICATION, DISTRIBUTION, ETC.
Date of publication, distribution, etc. 2000
490 ## - SERIES STATEMENT
Series statement Construction Management and Economics
Volume/sequential designation 18(8) December 2000, 949-957(9)
520 ## - SUMMARY, ETC.
Summary, etc. Identifies ecological loadings, human health impacts and resource use as the key environmental issues associated with building construction and how they are represented in building environmental assessment methods. Concludes that, despite the difficulties of assessing them, management practices should be included in these assessment methods in order to improve the relationship between building design and operation. References.
590 ## - LOCAL NOTE (RLIN)
Local note ABS
650 ## - SUBJECT ADDED ENTRY--TOPICAL TERM
Topical term or geographic name entry element CONSTRUCTION PROCESS
650 ## - SUBJECT ADDED ENTRY--TOPICAL TERM
Topical term or geographic name entry element ENVIRONMENTAL ASSESSMENT
650 ## - SUBJECT ADDED ENTRY--TOPICAL TERM
Topical term or geographic name entry element ENVIRONMENTAL MANAGEMENT SYSTEMS
650 ## - SUBJECT ADDED ENTRY--TOPICAL TERM
Topical term or geographic name entry element HEALTH
650 ## - SUBJECT ADDED ENTRY--TOPICAL TERM
Topical term or geographic name entry element SUSTAINABLE CONSTRUCTION
690 ## - LOCAL SUBJECT ADDED ENTRY--TOPICAL TERM (OCLC, RLIN)
Topical term or geographic name as entry element BUILDING AND CONSTRUCTION-SUSTAINABLE
942 ## - ADDED ENTRY ELEMENTS (KOHA)
Suppress in OPAC 0
Holdings
Withdrawn status Lost status Source of classification or shelving scheme Damaged status Not for loan Home library Current library Shelving location Date acquired Total Checkouts Full call number Barcode Date last seen Copy number Price effective from Koha item type
    Dewey Decimal Classification     London London Journal article 25/01/2001   ABS63395 110535-1001 06/08/2019 1 06/08/2019 Journal article